[Event "AUTO-ADV-3916"]
[Site "http://www.queenalice.com/game.php?id=1498597"]
[Date "2017.10.12"]
[Round "1"]
[White "VamosJogar"]
[Black "ricardoaurelio"]
[Result "1-0"]
[WhiteElo "1991"]
[BlackElo "1835"]

1. d4 d5 2. Nc3 Nf6 3. Bg5 Nc6 4. Bxf6 gxf6 5. e3 Bf5 6. a3 e5 7. Bb5 a6 8. Ba4
exd4 9. exd4 b5 10. Bb3 Be6 11. Nf3 Bg7 12. Qe2 O-O 13. O-O f5 14. Qe3 Qf6 15.
Rad1 f4 16. Qe2 Rae8 17. Ne5 Nxe5 18. dxe5 Qg5 19. Bxd5 Bg4 20. Bf3 Rxe5 21. Qd3
Bxf3 22. Qxf3 Rfe8 23. Nd5 c6 24. Nxf4 Rf5 25. Nh3 Qg6 26. Qb3 c5 27. c3 Rf3 28.
Kh1 c4 29. Qb4 Rf5 30. Rd6 Re6 31. Rd8+ Bf8 32. Qxf8# 1-0

[Event "AUTO-ADV-3916"]
[Site "http://www.queenalice.com/game.php?id=1498602"]
[Date "2017.10.12"]
[Round "1"]
[White "mennecy91"]
[Black "VamosJogar"]
[Result "0-1"]
[WhiteElo "1989"]
[BlackElo "2013"]

1. c4 Nf6 2. g3 e6 3. Bg2 d5 4. cxd5 Nxd5 5. Nc3 c6 6. d4 Bb4 7. Qc2 Nd7 8. e4
N5b6 9. a3 Bxc3+ 10. bxc3 Nf6 11. Ne2 Qe7 12. Bg5 h6 13. Be3 Nc4 14. O-O Nxa3
15. Qb3 Nb5 16. c4 Nc7 17. Rfd1 O-O 18. f4 Ng4 19. d5 Nxe3 20. Qxe3 exd5 21.
cxd5 cxd5 22. e5 Be6 23. Rxa7 Rxa7 24. Qxa7 Qb4 25. Qf2 Qb3 26. Qd4 Rd8 27. Nc3
b5 28. Qc5 Rc8 29. Rc1 Na6 30. Qe3 Qb2 31. Qe1 b4 32. Ne2 Rxc1 33. Nxc1 Qd4+ 34.
Kh1 Nc5 35. Qg1 Qxg1+ 36. Kxg1 b3 37. Ne2 Na4 38. Nd4 b2 0-1

[Event "AUTO-ADV-3916"]
[Site "http://www.queenalice.com/game.php?id=1498603"]
[Date "2017.10.12"]
[Round "1"]
[White "VamosJogar"]
[Black "mennecy91"]
[Result "1-0"]
[WhiteElo "2028"]
[BlackElo "1974"]

1. d4 c6 2. e4 d5 3. Nc3 dxe4 4. Nxe4 Bf5 5. Nc5 Qc7 6. Bd3 Bxd3 7. Nxd3 Nf6 8.
Bf4 Qb6 9. c3 e6 10. Nh3 Nbd7 11. Qf3 Be7 12. O-O h6 13. Rab1 O-O 14. Qg3 Nh5
15. Qg4 Nxf4 16. Nhxf4 Nf6 17. Qg3 Bd6 18. Rfe1 Qc7 19. Ne5 Rad8 20. Qh4 Be7 21.
Neg6 fxg6 22. Nxe6 Nd5 23. Qe4 Qd6 24. Qxg6 Bf6 25. Nxf8 Rxf8 26. Re4 Ne7 27.
Qg4 Kh8 28. Rbe1 Bg5 29. Re6 Qd8 30. Qe4 Re8 31. f4 Bf6 32. Rxf6 gxf6 33. Qe6
Kg7 34. g4 Qd5 35. Qe2 Qxa2 36. g5 fxg5 37. Qe5+ Kg8 38. fxg5 hxg5 39. Qxg5+ Kh8
40. Qh5+ Kg7 41. Qxe8 1-0

[Event "AUTO-OPEN-3733"]
[Site "http://www.queenalice.com/game.php?id=1506784"]
[Date "2017.12.4"]
[Round "2"]
[White "VamosJogar"]
[Black "rich"]
[Result "1-0"]
[WhiteElo "2112"]
[BlackElo "1897"]

1. d4 Nf6 2. Nc3 d5 3. Bg5 Nbd7 4. e3 g6 5. Qf3 Bg7 6. Bb5 c6 7. Ba4 O-O 8. Nce2
e5 9. Bxf6 Bxf6 10. g3 exd4 11. Nxd4 Ne5 12. Qd1 Qa5+ 13. c3 c5 14. Nde2 Be6 15.
Nf4 Bg4 16. f3 Be6 17. Nfe2 b5 18. Bc2 Rad8 19. Kf2 Nc4 20. Rb1 Qxa2 21. Bb3 Qa6
22. Bxc4 dxc4 23. Qc1 Rd7 24. Nf4 Rfd8 25. Nge2 Rd2 26. Re1 Bf5 27. e4 Be6 28.
Nd5 R2xd5 29. exd5 Bxd5 30. Rd1 b4 31. Qe3 Qc6 32. Nf4 Bg5 33. h4 Bh6 34. Re1 a5
35. Rbd1 a4 36. Rxd5 Qxd5 37. Qe8+ Kg7 38. Nxd5 1-0

[Event "AUTO-OPEN-3733"]
[Site "http://www.queenalice.com/game.php?id=1506785"]
[Date "2017.12.4"]
[Round "2"]
[White "rich"]
[Black "VamosJogar"]
[Result "0-1"]
[WhiteElo "1747"]
[BlackElo "2141"]

1. d4 d5 2. c4 Bg4 3. cxd5 Qxd5 4. Nf3 e6 5. Nc3 Qh5 6. Ne5 Bd6 7. Nxg4 Qxg4 8.
Qb3 b6 9. e3 e5 10. dxe5 Bxe5 11. Qd5 Bxc3+ 12. bxc3 c6 13. Qe5+ Ne7 14. Ba3 c5
15. Bb5+ Nd7 16. O-O f6 17. Qc7 a6 18. Bxd7+ Qxd7 19. Qxd7+ Kxd7 20. Rfd1+ Kc7
21. c4 Nc6 22. Rd5 Rad8 23. Bb2 Nb4 24. Rxd8 Rxd8 25. Kf1 Rd2 26. Bc3 Rc2 27. a3
Nd3 28. Be1 Rxc4 29. Ke2 Ne5 30. f4 Ng4 31. h3 Nh6 32. Bd2 Nf5 33. g4 Ng3+ 34.
Ke1 g6 35. Rd1 Ne4 36. Ke2 Ra4 37. Ra1 c4 38. Rc1 b5 39. Bb4 a5 40. Bf8 b4 41.
Rxc4+ Kd8 42. axb4 f5 43. Rd4+ Ke8 0-1

[Event "AUTO-OPEN-3733"]
[Site "http://www.queenalice.com/game.php?id=1506786"]
[Date "2017.12.4"]
[Round "2"]
[White "VamosJogar"]
[Black "forever"]
[Result "1-0"]
[WhiteElo "1990"]
[BlackElo "1882"]

1. d4 Nf6 2. Nc3 d5 3. Bg5 e6 4. Nf3 Be7 5. e3 O-O 6. h4 h6 7. Bf4 c5 8. Be5 Nc6
9. Bxf6 Bxf6 10. dxc5 Ne7 11. Qd3 1-0

[Event "AUTO-OPEN-3733"]
[Site "http://www.queenalice.com/game.php?id=1506787"]
[Date "2017.12.4"]
[Round "2"]
[White "forever"]
[Black "VamosJogar"]
[Result "0-1"]
[WhiteElo "1870"]
[BlackElo "2002"]

1. c4 d5 2. d4 Bf5 3. Qb3 b6 4. e3 e6 5. Nf3 Bd6 6. Be2 Nf6 7. Nh4 Bg4 8. Bd3
Bh5 9. h3 O-O 10. Qc2 Nbd7 11. O-O c5 12. g4 Nxg4 0-1

[Event "AUTO-MASTER-2676"]
[Site "http://www.queenalice.com/game.php?id=1508593"]
[Date "2017.12.20"]
[Round "1"]
[White "petrosian369"]
[Black "VamosJogar"]
[Result "1-0"]
[WhiteElo "2186"]
[BlackElo "2031"]

1. d4 d5 2. Bf4 Nf6 3. e3 e6 4. Nd2 a6 5. a4 Bd6 6. Bg3 Nc6 7. Ngf3 h5 8. c3 Ne4
9. Bd3 Nxg3 10. hxg3 g6 11. Qc2 Qf6 12. e4 Be7 13. e5 Qg7 14. b4 b6 15. Nb3 Bd7
16. a5 O-O 17. axb6 cxb6 18. Rxa6 Nxb4 19. cxb4 Rxa6 20. Bxa6 Bxb4+ 21. Ke2 Ba4
22. Ra1 Bxb3 23. Qxb3 Ba5 24. Bd3 Qh6 25. Qc2 Kg7 26. Qc1 Qxc1 27. Rxc1 Kh6 28.
Nd2 Rb8 29. Bb5 1-0

[Event "AUTO-MASTER-2676"]
[Site "http://www.queenalice.com/game.php?id=1508594"]
[Date "2017.12.20"]
[Round "1"]
[White "VamosJogar"]
[Black "petrosian369"]
[Result "0-1"]
[WhiteElo "2042"]
[BlackElo "2178"]

1. d4 d6 2. e4 Nf6 3. Nc3 e5 4. dxe5 dxe5 5. Qxd8+ Kxd8 6. Bg5 Be6 7. O-O-O+ Nd7
8. Nf3 Kc8 9. Bb5 Bd6 10. h3 a6 11. Ba4 b5 12. Bb3 Nc5 13. Bxf6 gxf6 14. Rhe1
Nxb3+ 15. cxb3 Bb4 16. Kc2 Kb7 17. Re3 Bxc3 18. bxc3 Rhg8 19. Nh4 a5 20. Kb2
Rad8 21. Red3 Rxd3 22. Rxd3 h5 23. Rg3 Rg5 24. Nf3 Rg6 25. a4 bxa4 26. bxa4 Bd7
27. Kb3 Kc6 28. Nd2 Be6+ 29. Kb2 h4 30. Rxg6 fxg6 0-1

[Event "AUTO-MASTER-2676"]
[Site "http://www.queenalice.com/game.php?id=1508607"]
[Date "2017.12.20"]
[Round "1"]
[White "VamosJogar"]
[Black "tariann"]
[Result "0-1"]
[WhiteElo "2021"]
[BlackElo "2167"]

1. d4 d5 2. Nc3 c5 3. e4 dxe4 4. Nxe4 Qxd4 5. Qxd4 cxd4 6. Nf3 Nc6 7. Bf4 Nf6 8.
Nxf6+ gxf6 9. Bb5 e5 10. Bg3 Bb4+ 11. Nd2 O-O 12. a3 Bxd2+ 13. Kxd2 Bf5 14. f3
Rac8 15. Bd3 Bg6 16. h4 Na5 17. h5 Bxd3 18. Kxd3 Nc4 19. Rab1 Ne3 20. Rbc1 Kh8
21. Bh4 Rc6 22. Rhg1 Rfc8 23. c3 b5 24. g3 a5 25. Kd2 Nc4+ 26. Kd3 Nxb2+ 0-1

[Event "AUTO-MASTER-2676"]
[Site "http://www.queenalice.com/game.php?id=1508608"]
[Date "2017.12.20"]
[Round "1"]
[White "tariann"]
[Black "VamosJogar"]
[Result "1-0"]
[WhiteElo "2167"]
[BlackElo "2011"]

1. e4 d5 2. exd5 Qxd5 3. Nc3 Qe6+ 4. Be2 a6 5. Nf3 Nf6 6. O-O Qd6 7. d4 e6 8.
Be3 Be7 9. Qd2 O-O 10. Rad1 Rd8 11. Bf4 Qb6 12. h3 h6 13. Qe3 Bd6 14. Ne5 Qxb2
15. Ne4 Nd5 16. Qd2 Bb4 17. c3 Bxc3 18. Qxb2 Bxb2 19. Bg3 Nc3 20. Nxc3 Bxc3 21.
Rc1 Bxd4 22. Rxc7 Bxe5 23. Bxe5 Nc6 24. Bg3 Rd7 25. Bf3 Rxc7 26. Bxc7 Nd4 27.
Bh5 b5 28. Rd1 Nf5 29. Rd8+ Kh7 30. Bf3 Ra7 31. Rxc8 Ne7 32. Ra8 Rxc7 33. Rxa6
g6 34. Rb6 Rc1+ 35. Kh2 Nf5 36. Rb7 Nd6 37. Rd7 1-0

[Event "AUTO-MASTER-2676"]
[Site "http://www.queenalice.com/game.php?id=1508609"]
[Date "2017.12.20"]
[Round "1"]
[White "VamosJogar"]
[Black "Regina1962"]
[Result "1-0"]
[WhiteElo "2025"]
[BlackElo "1887"]

1. d4 d5 2. Nc3 Nf6 3. Bg5 e6 4. e4 dxe4 5. Nxe4 Be7 6. Nxf6+ Bxf6 7. Bxf6 Qxf6
8. Nf3 O-O 9. Bd3 Nc6 10. c3 e5 11. dxe5 Nxe5 12. Be4 c6 13. O-O Bg4 14. h3
Nxf3+ 15. Bxf3 Bxf3 16. Qxf3 Qxf3 17. gxf3 Rfe8 18. Rae1 Kf8 19. Re4 Re7 20.
Rxe7 Kxe7 21. Re1+ 1-0

[Event "AUTO-MASTER-2676"]
[Site "http://www.queenalice.com/game.php?id=1508610"]
[Date "2017.12.20"]
[Round "1"]
[White "Regina1962"]
[Black "VamosJogar"]
[Result "0-1"]
[WhiteElo "1898"]
[BlackElo "2014"]

1. d4 d5 2. c4 Bf5 3. Nc3 e6 4. Nf3 c6 5. Qb3 Qb6 6. Qxb6 axb6 7. e3 Nf6 8. cxd5
Nxd5 9. e4 Nxc3 10. exf5 Nd5 11. fxe6 fxe6 12. Bc4 Na6 13. a3 Nab4 14. O-O b5
15. Bb3 Nd3 16. Rd1 N3f4 17. Bxf4 Nxf4 18. g3 Nd5 19. Re1 Kd7 20. Ng5 Re8 21.
Re2 h6 0-1

[Event "AUTO-ADV-3916"]
[Site "http://www.queenalice.com/game.php?id=1515366"]
[Date "2018.2.10"]
[Round "2"]
[White "Paulsains"]
[Black "VamosJogar"]
[Result "0-1"]
[WhiteElo "1878"]
[BlackElo "2091"]

1. e4 d5 2. exd5 Qxd5 3. Nc3 Qd6 4. Nf3 g6 5. Be2 Bg7 6. O-O Nf6 7. d3 O-O 8. h3
c6 9. Nh2 Nbd7 10. Be3 Nb6 11. Bxb6 axb6 12. Rb1 Nd5 13. Nxd5 Qxd5 14. c4 Qd6
15. b3 Rxa2 16. Re1 Bc3 17. Rf1 Bb4 18. d4 Rd2 19. Qe1 Bf5 20. Ra1 Rb2 21. Qd1
Bc2 22. Qc1 Qxd4 23. Nf3 Qf6 24. Ra4 Bc5 25. Bd1 Bxb3 26. Bxb3 Rxb3 27. Qd1 Rb2
28. Qd7 e5 29. Qg4 Re8 30. Qg3 e4 31. Nh2 e3 32. Ng4 exf2+ 33. Nxf2 Re1 34. Qb8+
Kg7 0-1

[Event "AUTO-ADV-3916"]
[Site "http://www.queenalice.com/game.php?id=1515367"]
[Date "2018.2.10"]
[Round "2"]
[White "VamosJogar"]
[Black "Paulsains"]
[Result "1-0"]
[WhiteElo "2084"]
[BlackElo "1867"]

1. d4 Nf6 2. c4 g6 3. Nc3 Bg7 4. e4 d6 5. Bg5 O-O 6. Qd2 b6 7. Be2 Bb7 8. d5
Nbd7 9. Nh3 Nc5 10. f3 Re8 11. O-O Bc8 12. b4 Nb7 13. Nf2 Bd7 14. Bd3 c6 15.
dxc6 Bxc6 16. a3 a5 17. Be3 axb4 18. axb4 e5 19. Rxa8 Qxa8 20. Bxb6 Qc8 21. Be3
Bd7 22. Rd1 Be6 23. Nd5 Nd7 24. Rc1 Qb8 25. Ra1 Bxd5 26. cxd5 Qc7 27. Rc1 Qd8
28. Qc3 Nf6 29. Qc7 Re7 30. Qxd8+ Nxd8 31. Rc8 Re8 32. Bb6 Nb7 33. Rxe8+ Nxe8
34. Ba6 1-0

[Event "AUTO-ADV-3916"]
[Site "http://www.queenalice.com/game.php?id=1515370"]
[Date "2018.2.10"]
[Round "2"]
[White "Sigmund"]
[Black "VamosJogar"]
[Result "0-1"]
[WhiteElo "1833"]
[BlackElo "2062"]

1. e4 d5 2. exd5 Qxd5 3. Nc3 Qd6 4. Nf3 g6 5. d3 Bg7 6. g3 Nc6 7. Bg2 Bf5 8. O-O
Nf6 9. Bf4 Qd7 10. Re1 O-O 11. Qd2 Rad8 12. a3 Nh5 13. Be3 e5 14. Bg5 f6 15. Bh6
Bh3 16. Bxg7 Bxg2 17. Bxf8 Bxf3 18. Qe3 Nd4 19. Bc5 Qh3 0-1

[Event "AUTO-ADV-3916"]
[Site "http://www.queenalice.com/game.php?id=1515371"]
[Date "2018.2.10"]
[Round "2"]
[White "VamosJogar"]
[Black "Sigmund"]
[Result "1-0"]
[WhiteElo "2069"]
[BlackElo "1826"]

1. d4 d5 2. c4 e6 3. Nf3 Nf6 4. Nc3 c6 5. e3 Bb4 6. Bd3 O-O 7. O-O Nbd7 8. Qc2
g6 9. a3 Be7 10. Re1 b6 11. e4 b5 12. cxd5 exd5 13. exd5 cxd5 14. Bxb5 Nb6 15.
Bh6 Re8 16. Bxe8 Qxe8 17. Qe2 Be6 18. Ng5 Ng4 19. Nxe6 Nxh6 20. Nc7 Qd7 21. Nxa8
Nxa8 22. Qxe7 1-0

[Event "AUTO-ADV-3841"]
[Site "http://www.queenalice.com/game.php?id=1520414"]
[Date "2018.3.20"]
[Round "2"]
[White "VamosJogar"]
[Black "chessman"]
[Result "1-0"]
[WhiteElo "2106"]
[BlackElo "1904"]

1. e4 e6 2. d4 d5 3. Nc3 dxe4 4. Nxe4 Nf6 5. Bg5 Be7 6. Bxf6 Bxf6 7. Nf3 Nd7 8.
Bd3 O-O 9. c4 Re8 10. Qc2 h6 11. O-O c6 12. Nd6 Rf8 13. Rfe1 Be7 14. c5 Nf6 15.
Nxc8 Rxc8 16. b4 Nd5 17. Rab1 Nf4 18. Be4 Nd5 19. Ne5 Bf6 20. Bxd5 exd5 21. Re3
Re8 22. f4 Bxe5 23. fxe5 f6 24. e6 Re7 25. Qf5 Qe8 26. Rbe1 b6 27. Rg3 bxc5 28.
bxc5 Kh8 29. Rb3 Rb8 30. Rxb8 Qxb8 31. Qg6 Qb4 32. Rb1 1-0

[Event "AUTO-ADV-3841"]
[Site "http://www.queenalice.com/game.php?id=1520415"]
[Date "2018.3.20"]
[Round "2"]
[White "chessman"]
[Black "VamosJogar"]
[Result "0-1"]
[WhiteElo "1937"]
[BlackElo "2098"]

1. e4 c5 2. Nf3 e6 3. d4 cxd4 4. Nxd4 a6 5. a4 Nc6 6. Be2 Bc5 7. Nxc6 bxc6 8. c3
d5 9. O-O h6 10. exd5 cxd5 11. Nd2 Nf6 12. Nf3 Qb6 13. Qc2 O-O 14. Bd2 Ne4 15.
Be1 Bb7 16. b4 Bd6 17. a5 Qc7 18. h3 Bxb4 19. c4 Bc5 20. Qd3 Ng3 21. cxd5 Rad8
22. Qb1 Nxe2+ 0-1

[Event "AUTO-ADV-3841"]
[Site "http://www.queenalice.com/game.php?id=1528089"]
[Date "2018.5.21"]
[Round "3"]
[White "Matt24"]
[Black "VamosJogar"]
[Result "1/2-1/2"]
[WhiteElo "2565"]
[BlackElo "2142"]

1. d4 d6 2. c4 g6 3. Nc3 Bg7 4. e4 e5 5. dxe5 Bxe5 6. Nf3 Bxc3+ 7. bxc3 Nf6 8.
Bh6 Qe7 9. Bd3 Nxe4 10. O-O Nc5 11. Nd4 Be6 12. f4 Nbd7 13. f5 gxf5 14. Nxf5
Bxf5 15. Bxf5 O-O-O 16. Qh5 Kb8 17. Rae1 Ne6 18. Bxe6 fxe6 19. Bg5 Qe8 20. Qh6
Rc8 21. Rxe6 Qg8 22. Re7 Ne5 23. Bf6 Ng4 24. Qh4 Nxf6 25. Rxf6 h5 26. Rf3 Qg6
27. Qe4 Qxe4 28. Rxe4 b6 29. Kf2 Rcg8 30. g3 Rg4 31. Rd4 Rhg8 32. h4 R4g6 33.
Rd5 Rh8 34. Rff5 Rgh6 35. a4 Kb7 36. Rg5 Rf6+ 1/2-1/2

[Event "AUTO-ADV-3841"]
[Site "http://www.queenalice.com/game.php?id=1528090"]
[Date "2018.5.21"]
[Round "3"]
[White "VamosJogar"]
[Black "Matt24"]
[Result "1-0"]
[WhiteElo "2118"]
[BlackElo "2545"]

1. d4 Nf6 2. c4 e6 3. Nf3 d5 4. Nc3 c6 5. e3 Nbd7 6. Bd3 Bd6 7. O-O O-O 8. Qc2
dxc4 9. Bxc4 e5 10. h3 exd4 11. Nxd4 Nb6 12. Bd3 Qe7 13. e4 c5 14. Nf3 c4 15.
Be2 Re8 16. Re1 Nxe4 17. Bxc4 Nxc4 18. Rxe4 Be6 19. Nd5 1-0

[Event "AUTO-OPEN-3733"]
[Site "http://www.queenalice.com/game.php?id=1534886"]
[Date "2018.7.16"]
[Round "3"]
[White "VamosJogar"]
[Black "Mannu"]
[Result "1-0"]
[WhiteElo "2153"]
[BlackElo "2221"]

1. d4 d5 2. c4 Bf5 3. Nc3 e6 4. cxd5 exd5 5. Qb3 Nc6 6. Nf3 Nf6 7. e4 dxe4 8.
Ne5 Be6 9. Qxb7 Nxd4 10. Bb5+ Nxb5 11. Qxb5+ Bd7 12. Qb3 Be6 13. Qa4+ Bd7 14.
Qc4 Qe7 15. Nxd7 Qxd7 16. Bg5 Be7 17. Bxf6 gxf6 18. Qxe4 O-O 19. O-O Bc5 20. Nd5
1-0

[Event "AUTO-OPEN-3733"]
[Site "http://www.queenalice.com/game.php?id=1534887"]
[Date "2018.7.16"]
[Round "3"]
[White "Mannu"]
[Black "VamosJogar"]
[Result "0-1"]
[WhiteElo "2198"]
[BlackElo "2167"]

1. c4 c5 2. Nf3 Nc6 3. d4 e6 4. Nc3 cxd4 5. Nxd4 Nf6 6. g3 d5 7. cxd5 Nxd5 8.
Nxc6 bxc6 9. Bg2 Be7 10. O-O O-O 11. Bd2 Bb7 12. Nxd5 cxd5 13. Bc3 a5 14. Rc1
Bf6 15. Bxf6 Qxf6 16. b3 Ba6 17. Re1 Rfd8 18. e3 h6 19. Qd2 a4 20. bxa4 Bc4 21.
Bf1 Rxa4 22. Bxc4 Rxc4 23. Rxc4 dxc4 24. Qc2 c3 25. Rd1 Rxd1+ 26. Qxd1 Qf5 27.
h4 c2 28. Qc1 Qd3 0-1